000 00294nam a2200121Ia 4500
008 190216s9999||||xx |||||||||||||| ||und||
100 _aWells Hg
245 4 _aThe History Of Mr.Polly
260 _bOrient Longman
_c1972
300 _a285p
650 _aEnglish Novel-English Novel
942 _cBK
999 _c12544
_d12544